Renewable electricity generation : economic analysis and outlook /

Saved in:
Bibliographic Details
Main Author: Zycher, Benjamin.
Format: Book
Language:English
Published: Washington, D.C. : Lanham, Md. : AEI Press ; Distributed by Rowman & Littlefield, c2011.
Subjects:
Tags: Add Tag
No Tags, Be the first to tag this record!
LEADER 01429cam a2200325 a 4500
001 012995379-2
005 20111216104446.0
008 110808s2011 dcua b 001 0 eng
010 |a  2011032424 
020 |a 9780844772219 (cloth : alk. paper) 
020 |a 0844772216 (cloth : alk. paper) 
020 |a 9780844772226 (pbk. : alk. paper) 
020 |a 0844772224 (pbk. : alk. paper) 
020 |a 9780844772233 (ebook) 
020 |a 0844772232 (ebook) 
035 0 |a ocn746316084 
040 |a DLC  |c DLC  |d YDX  |d YDXCP  |d BTCTA  |d CDX  |d MH-L 
043 |a n-us--- 
050 0 0 |a TJ807.9.U5  |b Z93 2011 
082 0 0 |a 333.79/4  |2 23 
100 1 |a Zycher, Benjamin. 
245 1 0 |a Renewable electricity generation :  |b economic analysis and outlook /  |c Benjamin Zycher. 
260 |a Washington, D.C. :  |b AEI Press ;  |a Lanham, Md. :  |b Distributed by Rowman & Littlefield,  |c c2011. 
300 |a xi, 65 p. :  |b ill. ;  |c 23 cm. 
504 |a Includes bibliographical references and index. 
505 0 |a A summary of public policy support for renewable energy in electricity generation -- Problems afflicting renewable energy in electricity generation -- Central rationales for policy support for renewables : a review -- Some implications of the outlook for the natural gas market. 
650 0 |a Renewable energy sources  |x Economic aspects  |z United States. 
650 0 |a Electric power production  |z United States. 
988 |a 20111207 
906 |0 DLC